El secreto mas grande del mundo / (Registro nro. 10641)

Detalles MARC
000 -LEADER
fixed length control field 00786nam a22002771 4500
001 - CONTROL NUMBER
control field 01136953
003 - CONTROL NUMBER IDENTIFIER
control field DO-SdBNP
005 - DATE AND TIME OF LATEST TRANSACTION
control field 20180206145945.0
007 - PHYSICAL DESCRIPTION FIXED FIELD--GENERAL INFORMATION
fixed length control field 01136953
008 - FIXED-LENGTH DATA ELEMENTS--GENERAL INFORMATION
fixed length control field 930725s 1976 mx spa
016 7# - NATIONAL BIBLIOGRAPHIC AGENCY CONTROL NUMBER
Record control number
Canceled/invalid record control number
Source BPMSU
035 ## - SYSTEM CONTROL NUMBER
System control number
040 ## - CATALOGING SOURCE
Original cataloging agency BPMSU
Language of cataloging spa
Transcribing agency BPMSU
080 #0 - UNIVERSAL DECIMAL CLASSIFICATION NUMBER
Universal Decimal Classification number
092 ## - LOCALLY ASSIGNED DEWEY CALL NUMBER (OCLC)
Classification number xxxxx
Item number xxxxx
100 1# - MAIN ENTRY--PERSONAL NAME
Personal name Mandino, Og
Dates associated with a name 1923-1996
240 10 - UNIFORM TITLE
Uniform title <a href="The greatest secret in the world.">The greatest secret in the world.</a>
Language of a work Español
245 13 - TITLE STATEMENT
Title El secreto mas grande del mundo /
Statement of responsibility, etc. Og Mandino ; traductor Benjamín E. Mercado.
Medium
250 ## - EDITION STATEMENT
Edition statement 13ª reimp.
260 ## - PUBLICATION, DISTRIBUTION, ETC. (IMPRINT)
Place of publication, distribution, etc. México :
Name of publisher, distributor, etc. Diana,
Date of publication, distribution, etc. 1976
300 ## - PHYSICAL DESCRIPTION
Extent 123 p. ;
Dimensions 20 cm
700 12 - ADDED ENTRY--PERSONAL NAME
Personal name Mercado, Benjamín E.,
Relator term tr.
942 ## - ADDED ENTRY ELEMENTS (KOHA)
Source of classification or shelving scheme Dewey Decimal Classification
Koha item type Libros
945 ## - LOCAL PROCESSING INFORMATION (OCLC)
a Inventariado, 2018 / BT
956 ## - LOCAL ELECTRONIC LOCATION AND ACCESS (OCLC)
Host name LOPEREZ
Access number 10
Compression information 20160630
Path BPMSU
Electronic name 00041
Existencias
Withdrawn status Lost status Source of classification or shelving scheme Damaged status Not for loan Collection code Home library Current library Date acquired Source of acquisition Total Checkouts Barcode Date last seen Price effective from Koha item type
    Dewey Decimal Classification     Colección General Biblioteca Pública Metropolitana Salomé Ureña Biblioteca Pública Metropolitana Salomé Ureña 06/30/2016 FUNDI   BPMSU16060770 06/30/2016 06/30/2016 Libros